El régimen jurídico de los contadores públicos autorizados en la República Dominicana / (Registro nro. 12907)

Detalles MARC
000 -LEADER
fixed length control field 00664nam a22002177a 4500
003 - CONTROL NUMBER IDENTIFIER
control field DO-SdBNP
005 - DATE AND TIME OF LATEST TRANSACTION
control field 20180208101929.0
008 - FIXED-LENGTH DATA ELEMENTS--GENERAL INFORMATION
fixed length control field 171116b 1984 dr |||| |||| 00| 0 spa d
040 ## - CATALOGING SOURCE
Original cataloging agency BPMSU
Language of cataloging spa
Transcribing agency BPMSU
100 1# - MAIN ENTRY--PERSONAL NAME
Personal name Esquea Guerrero, Enmanuel T.
245 13 - TITLE STATEMENT
Title El régimen jurídico de los contadores públicos autorizados en la República Dominicana /
Statement of responsibility, etc. Enmanuel T. Esquea Guerrero.
260 ## - PUBLICATION, DISTRIBUTION, ETC. (IMPRINT)
Place of publication, distribution, etc. Santo Domingo :
Name of publisher, distributor, etc. Onap,
Date of publication, distribution, etc. 1984.
300 ## - PHYSICAL DESCRIPTION
Extent 17 p. ;
Dimensions 21 cm.
490 1# - SERIES STATEMENT
Series statement Onap
490 1# - SERIES STATEMENT
Series statement Seminarios
Volume/sequential designation 11
830 #0 - SERIES ADDED ENTRY--UNIFORM TITLE
Uniform title Onap
830 #0 - SERIES ADDED ENTRY--UNIFORM TITLE
Uniform title Seminarios
Number of part/section of a work 11
942 ## - ADDED ENTRY ELEMENTS (KOHA)
Source of classification or shelving scheme Dewey Decimal Classification
Koha item type Libros
945 ## - LOCAL PROCESSING INFORMATION (OCLC)
a Inventariado, 2018 /LP
956 ## - LOCAL ELECTRONIC LOCATION AND ACCESS (OCLC)
Host name BTAVAREZ
Access number 10
Compression information 20171116
Path 0038
Existencias
Withdrawn status Lost status Source of classification or shelving scheme Damaged status Not for loan Collection code Home library Current library Date acquired Total Checkouts Barcode Date last seen Price effective from Koha item type Copy number
    Dewey Decimal Classification     Colección Dominicana Biblioteca Pública Metropolitana Salomé Ureña Biblioteca Pública Metropolitana Salomé Ureña 11/16/2017   BPMSU17110213 11/16/2017 11/16/2017 Libros  
    Dewey Decimal Classification     Colección Dominicana Biblioteca Pública Metropolitana Salomé Ureña Biblioteca Pública Metropolitana Salomé Ureña 11/16/2017   BPMSU17110214 11/16/2017 11/16/2017 Libros ej. 2
    Dewey Decimal Classification     Colección Dominicana Biblioteca Pública Metropolitana Salomé Ureña Biblioteca Pública Metropolitana Salomé Ureña 11/16/2017   BPMSU17110215 11/16/2017 11/16/2017 Libros ej. 3